000 00262nam a22001097a 4500
008 160622b xxu||||| |||| 00| 0 eng d
100 _9425
_aCapps, C,
245 _aAvoid Tragedy
260 _aEng
_bHarrison House
_c1980
300 _aAvoid Tragedy
942 _2ddc
_cBK
999 _c348
_d348